[Event "Muensterland Open"]
[Site "Senden GER"]
[Date "2006.10.09"]
[Round "4"]
[White "Farago,I"]
[Black "Van der Weide,K"]
[Result "1-0"]
[WhiteElo "2522"]
[BlackElo "2463"]

1.d4 Nf6 2.c4 g6 3.Nc3 d5 4.cxd5 Nxd5 5.e4 Nxc3 6.bxc3 Bg7 7.Bg5 c5 8.Rc1 Qa5
9.Qd2 O-O 10.Nf3 cxd4 11.cxd4 Qxd2+ 12.Kxd2 Nc6 13.d5 h6 14.Bf4 Rd8 15.Ke1 e5
16.Bg3 Na5 17.Nxe5 Re8 18.f4 a6 19.Bd3 g5 20.Nf3 Bf5 21.fxg5 Bxe4 22.Bxe4 Rxe4+
23.Kf2 hxg5 24.Rhe1 Rxe1 25.Rxe1 g4 26.Bc7 Nc4 27.Re4 gxf3 28.Rxc4 fxg2 29.d6 Bf6
30.d7 Kh7 31.Kxg2 Rg8+ 32.Kf3 Bd8 33.Kf4 b5 34.Bxd8 Rxd8 35.Rc7 Kg7 36.Ke5 f5
37.Ke6  1-0

[Event "22nd ECU Club Cup"]
[Site "Feugen AUT"]
[Date "2006.10.11"]
[Round "4"]
[White "Pinter,J"]
[Black "Brkic,A"]
[Result "1/2-1/2"]
[WhiteElo "2513"]
[BlackElo "2541"]

1.d4 Nf6 2.c4 g6 3.Nc3 d5 4.cxd5 Nxd5 5.e4 Nxc3 6.bxc3 Bg7 7.Bc4 c5 8.Ne2 O-O
9.O-O Nc6 10.Be3 Bg4 11.f3 Bd7 12.Rc1 Rc8 13.d5 Ne5 14.Bb3 Qa5 15.h3 Qa6
16.f4 Bb5 17.Rc2 Nc4 18.Bf2 Na3 19.c4 Bd7 20.Rc1 b5 21.e5 bxc4 22.Bc2 Nxc2
23.Qxc2 Bf5 24.Qd2 Bd3 25.Rfe1 f6 26.Nc3 fxe5 27.fxe5 Rf5 28.Bg3 Rcf8 29.Kh1 h5
30.Ne4 Qb7 31.Nxc5 Qxd5 32.Nxd3 cxd3 33.Rcd1 g5 34.Rg1 h4 35.Bh2 Bxe5 36.Qxd3 Qxd3
37.Rxd3 Bf6 38.g3 hxg3 39.Bxg3 Kf7 40.Rc1 Ra5 41.Rc2 g4 42.hxg4 Rg8 43.Kg2 Rxg4
44.Kf1 Rga4 45.Rdd2 Ra3 46.Bf2 a6 47.Re2 Rf5 48.Kg2 Rg5+ 49.Kf1 Rh3 50.Re3 Rh1+
51.Ke2 Ra5 52.Kf3 Rh2 53.Ree2 Rf5+ 54.Ke4 Rhh5 55.Bd4 Bxd4 56.Kxd4 Rd5+ 57.Ke4 Ra5
58.Kd3 Rh3+ 59.Kd2 Rd5+ 60.Kc1 Rh1+ 61.Kb2 Rb5+ 62.Kc3 e5 63.Kd3 Ra5 64.Rh2 Rd1+
65.Ke4 Rd4+ 66.Kf5 Rf4+ 67.Kg5 Ke6 68.Rh8 Raa4 69.Re8+ Kd6 70.Rd8+ Ke7 71.Rdd2 Rfd4
72.Rxd4 Rxd4 73.Rc6 Rd6 74.Rc5 Re6 75.Kf5 e4 76.Rc2 e3 77.Re2 Kd6 78.Kf4 Kd5
79.Rxe3 Rxe3 80.Kxe3  1/2-1/2

[Event "IRT5"]
[Site "Sao Paulo BRA"]
[Date "2006.10.13"]
[Round "4"]
[White "Reis,Al"]
[Black "Oliveira,Je"]
[Result "0-1"]
[WhiteElo "2052"]
[BlackElo "2183"]

1.d4 Nf6 2.c4 g6 3.Nc3 d5 4.cxd5 Nxd5 5.e4 Nxc3 6.bxc3 Bg7 7.Bc4 O-O 8.Ne2 c5
9.Be3 Nc6 10.O-O Qc7 11.Rc1 Rd8 12.h3 b6 13.Qd2 Bb7 14.f3 Rac8 15.Rfd1 e6
16.Qe1 Qe7 17.Qf2 Kh8 18.e5 cxd4 19.cxd4 Nb4 20.Ng3 a6 21.Qb2 b5 22.Bb3 Bd5
23.Bxd5 Nxd5 24.Bd2 f5 25.exf6 Qxf6 26.Ba5 Rf8 27.Ne4 Qe7 28.Qd2 Qh4 29.Rxc8 Rxc8
30.Ng5 Nf4 31.Nf7+ Kg8 32.Ne5 Bxe5 33.dxe5 Qg5 34.Kh1 Qxe5 35.Re1 Qf6 36.Re4 g5
37.Rd4 Nd5 38.a3 h6 39.Bb4 Rc4 40.Re4 Rxe4 41.fxe4 Qa1+ 42.Kh2 Qe5+ 43.Kh1 Qa1+
44.Kh2 Qe5+ 45.Kh1 Qxe4 46.Bd6 Ne3 47.Qf2 Nf5 48.Bb4 Qe3 49.Qc2 Ng3+ 50.Kh2 Nf1+
51.Kh1 Ng3+ 52.Kh2 Ne4 53.Qc8+ Kf7 54.Qf8+ Kg6 55.Qe8+ Kf5 56.Qf8+ Nf6 57.Qxh6 Qf4+
58.Kg1 a5 59.Be7 Ke5 60.Qh8 Qd4+ 61.Kh1 Kf5 62.Qf8 Qa1+ 63.Kh2 Qe5+ 64.Kh1 Kg6
65.Qh8 Qa1+ 66.Kh2  0-1

[Event "WJun"]
[Site "Yerevan ARM"]
[Date "2006.10.13"]
[Round "10"]
[White "Vitiugov,N"]
[Black "Zhao Jun"]
[Result "1-0"]
[WhiteElo "2596"]
[BlackElo "2539"]

1.d4 Nf6 2.c4 g6 3.Nc3 d5 4.cxd5 Nxd5 5.e4 Nxc3 6.bxc3 Bg7 7.Nf3 c5 8.Be3 Qa5
9.Bd2 O-O 10.Be2 Nc6 11.O-O Rd8 12.Rc1 cxd4 13.cxd4 Qxa2 14.d5 Ne5 15.Bb4 Nxf3+
16.Bxf3 Bf8 17.Bc3 Qa6 18.Qd4 f6 19.e5 fxe5 20.Qxe5 Qf6 21.Qe3 Qf7 22.Ba5 b6
23.d6 Rb8 24.Rc7 Rxd6 25.Bb4 Rd8 26.Bxe7 Re8 27.Qe5 Bg7 28.Qd6 Be6 29.Bc6 Rec8
30.Rxa7 b5 31.Re1 Rb6 32.Be8 Rxe8 33.Qxb6 Bc4 34.Bb4 Rxe1+ 35.Bxe1  1-0

[Event "22nd ECU Club Cup"]
[Site "Feugen AUT"]
[Date "2006.10.14"]
[Round "7"]
[White "Pelletier,Y"]
[Black "Timofeev,Arty"]
[Result "1/2-1/2"]
[WhiteElo "2588"]
[BlackElo "2662"]

1.d4 Nf6 2.c4 g6 3.Nc3 d5 4.cxd5 Nxd5 5.e4 Nxc3 6.bxc3 Bg7 7.Nf3 c5 8.Rb1 O-O
9.Be2 Nd7 10.O-O Nf6 11.Qc2 Qc7 12.d5 Nh5 13.c4 Nf4 14.Re1 Nxe2+ 15.Qxe2 e5
16.Qc2 Bg4 17.Nd2 Bd7 18.a4 b6 19.Ra1 f5 20.exf5 gxf5 21.Bb2 Rae8 22.f3 Qd6
23.Re2 Re7 24.Rae1 Rfe8 25.Nf1 e4 26.Bxg7 Kxg7 27.Ng3 exf3 28.Qc3+ Kg8 29.Qxf3 Rxe2
30.Rxe2 Rxe2 31.Qxe2 Qf4 32.Nh5 Qd4+ 33.Kf1 Kf7 34.Ng3 Qa1+ 35.Kf2 Qd4+ 36.Kf1 Qg4
37.Qc2 Qf4+ 38.Kg1 Qd4+ 39.Kf1 Qe5 40.Kf2 Kg6 41.Kf3 Qa1 42.Kf2 Qd4+ 43.Kf3 Qg4+
44.Kf2 Qf4+ 45.Ke2 h5 46.Nf1 Qe5+ 47.Kf3 h4 48.g3 h3 49.Ne3 Kg5 50.Ke2 f4
51.gxf4+ Kxf4 52.Qd3 Qd4 53.Qa3 Bxa4 54.Qc1 Ke5 55.Qg1 Qb2+ 56.Kf3 Kd6 57.Qg3+ Kd7
58.Qxh3+ Kc7 59.Qh7+ Bd7 60.Qh6 a5 61.Qf4+ Kc8 62.Qf8+ Kb7 63.Qf7 Kc8 64.Qf8+ Kb7
65.Qf7 Kc8 66.Qf8+  1/2-1/2

[Event "WJun"]
[Site "Yerevan ARM"]
[Date "2006.10.14"]
[Round "11"]
[White "Grigoryan,Av"]
[Black "Gupta,Ab"]
[Result "1-0"]
[WhiteElo "2404"]
[BlackElo "2481"]

1.d4 Nf6 2.c4 g6 3.Nc3 d5 4.cxd5 Nxd5 5.e4 Nxc3 6.bxc3 Bg7 7.Be3 c5 8.Qd2 Qa5
9.Rc1 cxd4 10.cxd4 Qxd2+ 11.Bxd2 O-O 12.Nf3 Rd8 13.Bb5 Bg4 14.d5 e6 15.Bc4 exd5
16.Bxd5 Nc6 17.Ng5 Ne5 18.O-O h6 19.f3 Bd7 20.f4 Bc6 21.fxe5 Bxd5 22.exd5 hxg5
23.Bxg5 Rxd5 24.Bf6 Bxf6 25.Rxf6 Rad8 26.e6 fxe6 27.Rxe6 Kf7 28.Re2 R8d7
29.h3 b5 30.Rc6 R5d6 31.Rc8 b4 32.Rc5 Rd5 33.Re5 Rd2 34.Ra5 Kf6 35.Reb5 Rb2
36.Ra6+ Kf7 37.Ra4 Rd1+ 38.Kh2 Rd7 39.h4 Rd4 40.Rxa7+ Kf6 41.Ra6+ Kg7 42.Kh3 Rdd2
43.Rb7+ Kh6 44.Raa7  1-0

[Event "Autumn Cup"]
[Site "Bucharest ROM"]
[Date "2006.10.16"]
[Round "6"]
[White "Shishkin,Va UKR"]
[Black "Lupulescu,C"]
[Result "1/2-1/2"]
[WhiteElo "2484"]
[BlackElo "2571"]

1.d4 Nf6 2.c4 g6 3.Nc3 d5 4.cxd5 Nxd5 5.e4 Nxc3 6.bxc3 Bg7 7.Bg5 c5 8.Rc1 cxd4
9.cxd4 O-O 10.Nf3 Bg4 11.d5 Bxf3 12.gxf3 Nd7 13.Bh3 f5 14.exf5 gxf5 15.O-O Ne5
16.Re1 f4 17.Be6+ Kh8 18.Re4 Ng6 19.h4 h6 20.h5 hxg5 21.hxg6 Bf6 22.Kg2 Kg7
23.Re1 Rh8 24.Qc2 Qd6 25.Rh1 Rh4 26.Rxh4 gxh4 27.Kh3 b5 28.Qc6 Rb8 29.Qxd6 exd6
30.Rc7+  1/2-1/2

[Event "FSIM October"]
[Site "Budapest HUN"]
[Date "2006.10.16"]
[Round "10"]
[White "Toth,Li"]
[Black "Schneider,Ve"]
[Result "1/2-1/2"]
[WhiteElo "2217"]
[BlackElo "2195"]

1.d4 Nf6 2.c4 g6 3.Nc3 d5 4.cxd5 Nxd5 5.e4 Nxc3 6.bxc3 Bg7 7.Qa4+ Nd7 8.Nf3 O-O
9.Bg5 h6 10.Be3 c5 11.Rd1 Qc7 12.Qa3 b6 13.e5 Bb7 14.Bd3 e6 15.O-O c4 16.Bb1 f5
17.exf6 Rxf6 18.Nd2 Kh7 19.h4 Rd8 20.Ne4 Rf7 21.h5 Nf8 22.Ng3 Rd5 23.Qc1 Rf6
24.Qc2 Ra5 25.Qe2 Kh8 26.Be4 Bxe4 27.Nxe4 Rxh5 28.g3 Rf7  1/2-1/2

[Event "70th Jubilee"]
[Site "Obro DEN"]
[Date "2006.10.19"]
[Round "6"]
[White "Hellegaard,D"]
[Black "Schmidt,Ho DEN"]
[Result "1-0"]
[WhiteElo "2011"]
[BlackElo "1996"]

1.d4 Nf6 2.c4 g6 3.Nc3 d5 4.cxd5 Nxd5 5.e4 Nxc3 6.bxc3 Bg7 7.Bc4 e6 8.Be3 O-O
9.Ne2 b6 10.O-O Bb7 11.Qc2 Nd7 12.Rab1 Qe7 13.Rfe1 c5 14.f3 cxd4 15.cxd4 Rac8
16.Qb3 Rc7 17.a4 Rfc8 18.Bb5 Nb8 19.Bf4 e5 20.Bg3 a6 21.Bd3 Nd7 22.Red1 h5
23.d5 Bh6 24.Bf2 Nc5 25.Qxb6 Nxa4 26.Qa5 Nc3 27.Nxc3 Rxc3 28.Bxa6 Bxa6 29.Qxa6 Qd8
30.Qb5 Qg5 31.d6 Rc1 32.d7 Rxd1+ 33.Rxd1 Rc1 34.Qb8+ Bf8 35.d8=Q Qh6 36.Qxe5 Kh7
37.Qb2  1-0

[Event "10th Essent Open"]
[Site "Hoogeveen NED"]
[Date "2006.10.20"]
[Round "1"]
[White "Ernst,S"]
[Black "Mijnheer,P"]
[Result "1-0"]
[WhiteElo "2512"]
[BlackElo "2232"]

1.d4 Nf6 2.c4 g6 3.Nc3 d5 4.cxd5 Nxd5 5.e4 Nxc3 6.bxc3 Bg7 7.Nf3 c5 8.Rb1 O-O
9.Be2 b6 10.O-O Bb7 11.Qd3 Ba6 12.Qc2 e6 13.Bxa6 Nxa6 14.Bg5 Qd7 15.Rbd1 cxd4
16.cxd4 Rac8 17.Qb3 Rfe8 18.Rfe1 Qb7 19.h4 Nb8 20.Qe3 Nd7 21.e5 f6 22.Bh6 fxe5
23.Bxg7 Kxg7 24.dxe5 Nc5 25.h5 Rcd8 26.Rd6 Qe7 27.Red1 Nb7 28.R6d4 gxh5 29.R1d2 Rf8
30.Ng5 Rxd4 31.Rxd4 Nc5 32.Qg3 Kh8 33.Rh4 Rg8 34.Rxh5 Ne4 35.Nxe4 Rxg3 36.fxg3 Qa3
37.Kh2 Qxa2 38.Rg5 h6 39.Rg4 Qa3 40.Nf6 Qe3  1-0

[Event "70th Jubilee"]
[Site "Obro DEN"]
[Date "2006.10.22"]
[Round "9"]
[White "Hellegaard,D"]
[Black "Roder,P"]
[Result "0-1"]
[WhiteElo "2011"]
[BlackElo "2110"]

1.d4 Nf6 2.c4 g6 3.Nc3 d5 4.cxd5 Nxd5 5.e4 Nxc3 6.bxc3 Bg7 7.Bc4 c5 8.Be3 O-O
9.Ne2 Nc6 10.O-O Bg4 11.f3 Na5 12.Bxf7+ Rxf7 13.fxg4 Rxf1+ 14.Qxf1 Nc4 15.Bg5 cxd4
16.Rd1 d3 17.Qf2 Qa5 18.Rxd3 Qxg5  0-1

[Event "WYB18"]
[Site "Batumi GEO"]
[Date "2006.10.26"]
[Round "9"]
[White "Tzekov,S"]
[Black "Wang,Da"]
[Result "1/2-1/2"]
[WhiteElo "2195"]
[BlackElo "2206"]

1.d4 Nf6 2.c4 g6 3.Nc3 d5 4.cxd5 Nxd5 5.e4 Nxc3 6.bxc3 Bg7 7.Bc4 O-O 8.Ne2 Nc6
9.O-O Na5 10.Bd3 Be6 11.d5 Bd7 12.Rb1 c6 13.c4 cxd5 14.cxd5 e6 15.Ba3 Re8
16.Qd2 exd5 17.exd5 b5 18.Nc3 Nc4 19.Bxc4 bxc4 20.Nb5 Bf5 21.Rbc1 Bd3 22.Rfe1 Qb6
23.Nd6 Rxe1+ 24.Qxe1 Qa6 25.Bb4 Qa4 26.Bc3 Qd7 27.Bxg7 Kxg7 28.Qc3+ Kg8 29.Nxc4 Bxc4
30.Qxc4 Rd8 31.Rd1 Qe7 32.h3 Qe5 33.Qd4 Qxd4 34.Rxd4 Kf8 35.Ra4 Rxd5 36.Rxa7 Rd1+
37.Kh2 Ra1 38.a4 Ra3 39.a5 Kg7 40.a6 h5 41.h4 Ra4 42.Kg3 Rg4+ 43.Kh3 Ra4
44.Ra8 Ra5 45.g3 Ra2 46.Kg2 Ra3 47.Kf1 Ra2 48.Ke1 Kf6 49.f3 Ra3 50.Ke2 Kg7
51.g4 hxg4 52.fxg4 Rh3 53.a7 Ra3 54.g5 Ra1 55.Kd3 Ra6 56.Kc4 Ra1  1/2-1/2

[Event "WYG12"]
[Site "Batumi GEO"]
[Date "2006.10.26"]
[Round "9"]
[White "Danelia,M"]
[Black "Padmini,R"]
[Result "1-0"]
[WhiteElo "2022"]
[BlackElo "2188"]

1.d4 Nf6 2.c4 g6 3.Nc3 d5 4.cxd5 Nxd5 5.e4 Nxc3 6.bxc3 Bg7 7.Nf3 c5 8.Rb1 cxd4
9.cxd4 Qa5+ 10.Qd2 Qxd2+ 11.Bxd2 O-O 12.Be2 b6 13.O-O Bb7 14.Bd3 e6 15.Rfd1 Nd7
16.Be3 Nf6 17.Nd2 Ng4 18.Nc4 Nxe3 19.fxe3 Bh6 20.Kf2 Rad8 21.Rdc1 Ba6 22.Rc3 f5
23.exf5 exf5 24.Ne5 Bxd3 25.Rxd3 Rc8 26.Rb2 Bg7 27.Nf3 h6 28.h3 g5 29.g4 Rc7
30.gxf5 Rxf5 31.e4 Rf4 32.e5 Rd7 33.Rbd2 Kf7 34.Ke3 Rf5 35.Rc3 Re7 36.Rc6 Re6
37.Rc7+ Re7 38.Rdc2 h5 39.Rxe7+ Kxe7 40.Rc7+ Kf8 41.Rxa7 g4 42.hxg4 hxg4
43.Nh4 Bh6+ 44.Ke4 Rf1 45.Ng6+ Kg8 46.e6 Re1+ 47.Kf5 g3 48.e7 Bg7 49.Ne5 Rf1+
50.Ke6 g2 51.e8=Q+ Rf8 52.Rxg7+ Kxg7 53.Qg6+  1-0

[Event "14th Chigorin Mem"]
[Site "St-Petersburg RUS"]
[Date "2006.10.26"]
[Round "5"]
[White "Sergienko,S"]
[Black "Shomoev,A"]
[Result "1-0"]
[WhiteElo "2441"]
[BlackElo "2528"]

1.d4 Nf6 2.c4 g6 3.Nc3 d5 4.cxd5 Nxd5 5.e4 Nxc3 6.bxc3 Bg7 7.Qa4+ Nd7 8.Nf3 O-O
9.Bg5 c5 10.Rd1 a6 11.Qa3 h6 12.Be3 e6 13.Bd3 b6 14.Qc1 Kh7 15.h4 h5 16.Ng5+ Kg8
17.e5 Bb7 18.f3 Qe7 19.Qb1 cxd4 20.cxd4 Rfc8 21.O-O Rc3 22.Bd2 Rcc8 23.Bb4 Qe8
24.g4 a5 25.Bd6 Rc3 26.gxh5 Rxd3 27.Rxd3 f6 28.exf6 Nxf6 29.Re3 Nxh5 30.Rxe6 Qa4
31.Be5 Nf4 32.Rxg6 Nxg6 33.Qxg6 Qd7 34.h5 Re8 35.Bxg7 Be4 36.Nxe4  1-0

[Event "1st Javier Carpintero Mem"]
[Site "Evora POR"]
[Date "2006.10.27"]
[Round "1"]
[White "Grade,J"]
[Black "Fernandes,An"]
[Result "0-1"]
[WhiteElo "1845"]
[BlackElo "2453"]

1.c4 Nf6 2.Nc3 d5 3.cxd5 Nxd5 4.d4 g6 5.e4 Nxc3 6.bxc3 Bg7 7.Qc2 c5 8.Bb5+ Nd7
9.Ne2 cxd4 10.Nxd4 O-O 11.O-O Qc7 12.Be3 Ne5 13.f4 Ng4 14.Qd2 e5 15.Ne2 Rd8
16.Bd3 Be6 17.f5 gxf5 18.exf5 Bc4 19.Nc1 e4 20.Bf4 Qc5+ 21.Kh1 Bxd3 22.Nxd3 Rxd3
23.Qe2 Nf6 24.Bg5 Rad8 25.Bxf6 Bxf6 26.Qxe4 Qd5 27.Qg4+ Kh8 28.Rae1 Rg8 29.Qe2 Rd2
30.c4 Qxg2+ 31.Qxg2 Rgxg2 32.Re8+ Kg7 33.Rg1 Rxg1+ 34.Kxg1 Rxa2  0-1

[Event "14th Chigorin Mem B"]
[Site "St-Petersburg RUS"]
[Date "2006.10.27"]
[Round "6"]
[White "Merzliakov,E"]
[Black "Fedoseev,Vl1"]
[Result "1-0"]
[WhiteElo "2209"]
[BlackElo "2300"]

1.d4 Nf6 2.c4 g6 3.Nc3 d5 4.cxd5 Nxd5 5.e4 Nxc3 6.bxc3 Bg7 7.Bc4 c5 8.Be3 O-O
9.Ne2 cxd4 10.cxd4 Nc6 11.O-O Na5 12.Bd3 Be6 13.d5 Bxa1 14.Qxa1 f6 15.Qb1 Bd7
16.Qb4 b6 17.Bh6 Rf7 18.Nd4 e5 19.dxe6 Bxe6 20.Bb1 Qe7 21.Qc3 Rc8 22.Qg3 Bc4
23.Rc1 Qe5 24.Qe3 Rd7 25.Nf3 Ba6 26.Nxe5 fxe5 27.a4 Rcd8 28.Ba2+ Kh8 29.h3 Bb7
30.Qg5  1-0

[Event "Petersburg Autumn"]
[Site "St Petersburg RUS"]
[Date "2006.11.01"]
[Round "2"]
[White "Tokareva,T"]
[Black "Gnidenko,A"]
[Result "0-1"]
[WhiteElo "2000"]
[BlackElo "2103"]

1.d4 Nf6 2.c4 g6 3.Nc3 d5 4.cxd5 Nxd5 5.e4 Nxc3 6.bxc3 Bg7 7.Bc4 c5 8.Ne2 Nc6
9.Be3 O-O 10.O-O Bg4 11.f3 Na5 12.Bxf7+ Rxf7 13.fxg4 Rxf1+ 14.Kxf1 Qd7 15.h3 cxd4
16.cxd4 Qc6 17.Qd3 Qc4 18.Qd2 Qf7+ 19.Kg1 Nc4 20.Qd3 Nxe3 21.Qxe3 Rd8 22.e5 Qc4
23.Qb3 Qxb3 24.axb3 a6 25.Rc1 Rd5 26.Rc4 Bh6 27.Kf2 Rb5 28.Rc3 Kf7 29.Kf3 Ke6
30.Ke4 Rb4 31.g3 Kd7 32.Nf4 e6 33.h4 Bf8 34.g5 Be7 35.Nd3 Rb5 36.Nf2 Ba3
37.Ng4 Bb2 38.Nf6+ Kd8 39.Rd3 Rb4 40.Nxh7 Ke7 41.Nf6 a5 42.g4 b5 43.h5 Kf7
44.Nd7 Kg8 45.Nc5 a4 46.bxa4 bxa4 47.Nxa4 Rxa4 48.Rd1 Kg7 49.Ke3 Ra3+ 50.Ke4 Rg3
51.Kf4 Rc3 52.Ke4 Rc4 53.hxg6 Kxg6 54.Rf1 Kxg5 55.Rf6 Rc6 56.d5 Rc4+ 57.Kd3 exd5
58.Rd6 Rc5 59.e6 Kf6 60.g5+ Ke7 61.Rb6 Be5 62.g6 Rc3+ 63.Kd2 Rg3 64.Ra6 Rxg6
65.Ra5 Kxe6 66.Ra6+ Kf5 67.Ra5 Ke4 68.Ra4+ d4 69.Ke2 Rg2+ 70.Kf1 Rb2  0-1

[Event "Femida"]
[Site "Kharkiv UKR"]
[Date "2006.11.04"]
[Round "5"]
[White "Lushenkov,M"]
[Black "Ajrapetjan,Y"]
[Result "1-0"]
[WhiteElo "2393"]
[BlackElo "2403"]

1.d4 Nf6 2.c4 g6 3.Nc3 d5 4.cxd5 Nxd5 5.e4 Nxc3 6.bxc3 Bg7 7.Bc4 O-O 8.Ne2 Nc6
9.Be3 b6 10.Bd5 Bb7 11.O-O e6 12.Bxc6 Bxc6 13.Qd3 Bb7 14.Rad1 Qd7 15.c4 f5
16.exf5 Rxf5 17.Rd2 Rd8 18.f3 Ba6 19.Rc1 c5 20.Ng3 Rf7 21.Qa3 Qc8 22.dxc5 Rxd2
23.Bxd2 Qxc5+ 24.Qxc5 bxc5 25.Be3 Bb2 26.Rc2 Bd4 27.Bxd4 cxd4 28.Ne4 Rc7
29.Nd2 Rc5 30.Kf2 e5 31.Ke2 Ra5 32.Kd3 Ra3+ 33.Nb3 Bc8 34.g4 a5 35.Ke4 a4
36.Nc5 Re3+ 37.Kd5 a3 38.Rf2 d3 39.Rd2 Rxf3 40.Rxd3 Bxg4 41.Rxf3 Bxf3+ 42.Kxe5 Be2
43.Kd4 Kf7 44.Ne4 Ke7 45.Nc3 Bf1 46.Nb5 g5 47.Nxa3 h5 48.Nc2 h4 49.Ne3 Be2
50.Ke5 Bd3 51.c5 h3 52.c6 Bb5 53.Nd5+ Kd8 54.Nb4 g4 55.Kf4 Be2 56.Nd5 Bf3
57.Ne3 Kc7 58.Nxg4 Bd5 59.a3 Kxc6 60.Nf2 Be6 61.Kg3 Kb5 62.Nxh3 Ka4 63.Ng5 Bg8
64.h4 Kxa3 65.Kf4 Kb4 66.h5 Kc4 67.Ke5 Kd3 68.h6 Ke3 69.Kf6 Kf4 70.Ne6+ Kg4
71.Kg7 Kh5 72.Nf4+ Kg5 73.Ng6  1-0

[Event "VII Rapid"]
[Site "El Sauzal ESP"]
[Date "2006.11.05"]
[Round "7"]
[White "Perez Felipe,M"]
[Black "Fernandez Garcia,JoseL"]
[Result "0-1"]
[WhiteElo "2138"]
[BlackElo "2470"]

1.d4 Nf6 2.c4 g6 3.Nc3 d5 4.cxd5 Nxd5 5.e4 Nxc3 6.bxc3 Bg7 7.Bc4 c5 8.Ne2 Nc6
9.Be3 O-O 10.Rc1 cxd4 11.cxd4 Qa5+ 12.Kf1 Bd7 13.h4 Rfc8 14.h5 Nd8 15.f4 Ba4
16.Qe1 Qxe1+ 17.Kxe1 b5 18.Bd3 Rxc1+ 19.Bxc1 Nc6 20.Be3 e6 21.h6 Bf8 22.g4 Nb4
23.Bb1 Nc2+ 24.Kd2 Bb4+ 25.Kd3 Ne1+ 26.Rxe1 Bxe1 27.f5 b4 28.Nf4 Bb5+ 29.Kc2 Rc8+
30.Kd1 Rc3 31.Bc1 Ba4+  0-1

[Event "Femida w"]
[Site "Kharkiv UKR"]
[Date "2006.11.08"]
[Round "11"]
[White "Golubenko,Valen"]
[Black "Dvoretska,O"]
[Result "1/2-1/2"]
[WhiteElo "2236"]
[BlackElo "2153"]

1.d4 Nf6 2.c4 g6 3.Nc3 d5 4.cxd5 Nxd5 5.e4 Nxc3 6.bxc3 Bg7 7.Bc4 c5 8.Ne2 O-O
9.O-O Nc6 10.Be3 Bd7 11.Qd2 Rc8 12.Bd3 e6 13.Rab1 Na5 14.Bh6 b6 15.e5 cxd4
16.cxd4 Bc6 17.Bxg7 Kxg7 18.Qf4 f6 19.Qg3 f5 20.Nf4 Kf7 21.Rfd1 Bd5 22.Nxd5 Qxd5
23.a4 Rc3 24.Qh4 Kg8 25.Be2 Qd8 26.Qf4 Nb3 27.d5 Nc5 28.Qb4 Rc2 29.dxe6 Qg5
30.e7 Qxe7 31.Bd3 a5 32.Qd4 Nxd3 33.Rxd3 Qc5 34.Qxc5 Rxc5 35.e6 Rc6 36.Re1 Re8
37.e7 Kf7 38.Rd7 Rc4 39.Rb7 Rxa4 40.Rxb6  1/2-1/2

[Event "TCh-NOR 2006-7"]
[Site "Oslo NOR"]
[Date "2006.11.10"]
[Round "1"]
[White "Djurhuus,R"]
[Black "Gabrielsen,S"]
[Result "1/2-1/2"]
[WhiteElo "2455"]
[BlackElo "2342"]

1.d4 Nf6 2.c4 g6 3.Nc3 d5 4.cxd5 Nxd5 5.e4 Nxc3 6.bxc3 Bg7 7.Bc4 c5 8.Ne2 O-O
9.O-O Nc6 10.Be3 Bg4 11.f3 Bd7 12.Rb1 Qc7 13.Bd3 e6 14.f4 Rad8 15.dxc5 Na5
16.e5 Rfe8 17.Ng3 Bc6 18.Bd4 Bd5 19.Qe2 Bf8 20.Qf2 Rc8 21.c4 Bc6 22.f5 Rcd8
23.fxe6 Rxe6 24.Kh1 Rd7 25.Ne4 Bg7 26.Nd6 Bxe5 27.Rbe1 Bxd4 28.Qxd4 Rxe1
29.Rxe1 Re7 30.Rxe7 Qxe7 31.h3 h5 32.Be4 h4 33.Bd5 Bxd5 34.cxd5 Qe1+ 35.Qg1 Qe5
36.Qd1 b6 37.Nb5 a6 38.Na7 Qc7 39.cxb6 Qxb6 40.Nc8 Qc7 41.Qe1 Qxc8 42.Qxa5 Qc1+
43.Kh2 Qf4+ 44.Kg1 Qe3+ 45.Kf1 Qd3+ 46.Kf2 Qg3+ 47.Kf1 Qd3+ 48.Ke1 Qg3+ 49.Kd1 Qxg2
50.Qd8+ Kg7 51.Qd7 Qxa2 52.d6 Qd5+ 53.Kc2 Qc4+ 54.Kb2 Qb4+ 55.Ka2 Qc4+ 56.Ka3 Qc3+
57.Ka4 a5 58.Kb5 Qb4+ 59.Kc6 Qa4+ 60.Kc7 Qxd7+ 61.Kxd7 a4 62.Ke7 a3 63.d7 a2
64.d8=Q a1=Q 65.Qf8+ Kh7 66.Qxf7+ Qg7 67.Qxg7+ Kxg7 68.Ke6 Kh6 69.Kd5 g5
70.Ke4 Kg6 71.Kf3 Kf5 72.Ke3 g4 73.hxg4+ Kxg4 74.Kf2  1/2-1/2

[Event "Open"]
[Site "Liberec CZE"]
[Date "2006.11.12"]
[Round "2"]
[White "Mikrut,D"]
[Black "Pietsch,A"]
[Result "1/2-1/2"]
[WhiteElo "2426"]
[BlackElo "2073"]

1.d4 Nf6 2.c4 g6 3.Nc3 d5 4.cxd5 Nxd5 5.e4 Nxc3 6.bxc3 Bg7 7.Bc4 c5 8.Ne2 Nc6
9.Be3 O-O 10.O-O Bg4 11.f3 Na5 12.Bd3 Be6 13.d5 c4 14.Bc2 Bd7 15.Bd4 e5 16.dxe6 Bxe6
17.Qe1 Nc6 18.Bxg7 Kxg7 19.f4 f5 20.exf5 Bxf5 21.Bxf5 Rxf5 22.Ng3 Rf7 23.Qe6 Qb6+
24.Kh1 Qc5 25.Ne4 Qe3 26.Qxc4 Re7 27.Rae1 Qb6 28.Ng3 Rxe1 29.Rxe1 Rf8 30.f5 Qd8
31.fxg6 hxg6 32.h3 Qg5 33.Ne4 Qh4 34.Rb1 Kh6 35.Qd3 Ne5 36.Qd2+ Qf4 37.Kg1 b6
38.Re1 Qxd2 39.Nxd2 Nd3 40.Re3 Nc1 41.a3 Rd8 42.Nf3 Rd5 43.Re6 Nd3 44.Re3 Nb2
45.Re7 Ra5 46.g4 g5 47.Kf2 Nd1+ 48.Kg3 Nxc3 49.h4 gxh4+ 50.Kxh4 Kg6 51.Re6+ Kg7
52.Ne5 Nd5 53.Rg6+ Kh7 54.Rd6 Nf4 55.Rd7+ Kg8 56.Kg5 Rxe5+ 57.Kxf4 Ra5  1/2-1/2

[Event "19th Belgrade Trophy"]
[Site "Belgrade SRB"]
[Date "2006.11.25"]
[Round "4"]
[White "Mihic,B"]
[Black "Zivkovic,DD"]
[Result "0-1"]
[WhiteElo "2346"]
[BlackElo "2134"]

1.d4 Nf6 2.c4 g6 3.Nc3 d5 4.cxd5 Nxd5 5.e4 Nxc3 6.bxc3 Bg7 7.Be3 O-O 8.Qd2 c5
9.d5 Qa5 10.Rc1 f5 11.exf5 Bxf5 12.Nf3 Nd7 13.Nh4 Bb1 14.a4 Qxa4 15.Rxb1 Qxh4
16.Rxb7 Rab8 17.Rxb8 Rxb8 18.Bd3 Qf6 19.O-O Qxc3 20.Qxc3 Bxc3 21.Rc1 Bd4
22.Bxd4 cxd4 23.f4 Rb3 24.Rc8+ Kg7 25.Bc4 Nb6 26.d6 Rb1+ 27.Kf2 exd6 28.Rc7+ Kh8
29.Ba6 Ra1 30.Bb5 Rb1 31.Ba6 Ra1 32.Bb5 Nd5 33.Rb7 Rb1 34.g4 Nxf4 35.g5 Nh3+
36.Ke2 Nxg5 37.Kd3 Rb4 38.h4 Ne6  0-1

[Event "19th Belgrade Trophy"]
[Site "Belgrade SRB"]
[Date "2006.11.25"]
[Round "4"]
[White "Ljubisa,M"]
[Black "Kojovic,D"]
[Result "0-1"]
[WhiteElo "2101"]
[BlackElo "2367"]

1.d4 Nf6 2.c4 g6 3.Nc3 d5 4.cxd5 Nxd5 5.e4 Nxc3 6.bxc3 Bg7 7.Bd3 c5 8.Ne2 cxd4
9.cxd4 Nc6 10.Be3 O-O 11.e5 Nb4 12.Be4 Nd5 13.O-O b6 14.Qb3 Be6 15.Qb2 Rc8
16.Rac1 Qd7 17.Bxd5 Bxd5 18.Nf4 Bc4 19.Rfd1 e6 20.Rc2 b5 21.Rdc1 Rfd8 22.g3 Bf8
23.h4 Rb8 24.Qc3 Qb7 25.a4 a6 26.axb5 axb5 27.Rb1 Qe4 28.Rcb2 Ra8 29.Qe1 Ra4
30.Ra1 Rda8 31.Rbb1 h6 32.Kh2 Qf3 33.Rxa4 bxa4 34.Ra1 a3 35.Qc3 Ra4 36.Qc2 Bb5
37.d5 Rc4 38.Qb1 Rb4 39.Qc1 exd5 40.Rxa3 Rxf4 41.Bc5 Rc4 42.Qd2 Qf5 43.Bxf8 Rc2
44.Qe3 Rxf2+ 45.Kg1 Qb1+  0-1

[Event "ch-ESP Abierto"]
[Site "Leon ESP"]
[Date "2006.11.30"]
[Round "9"]
[White "Fernandez Siles,L"]
[Black "Brana Lopez,E"]
[Result "1-0"]
[WhiteElo "2298"]
[BlackElo "2083"]

1.d4 Nf6 2.c4 g6 3.Nc3 d5 4.cxd5 Nxd5 5.e4 Nxc3 6.bxc3 Bg7 7.Bc4 O-O 8.Ne2 c5
9.O-O Nc6 10.Be3 e5 11.dxc5 Qa5 12.Rb1 Nd8 13.Bd5 Qc7 14.Qb3 Ne6 15.Qc4 Re8
16.Nc1 Bf8 17.Nd3 Rb8 18.Qa4 b5 19.cxb6 axb6 20.Qxe8 Bd7 21.Bxb6 Rxb6 22.Qxd7 Qxd7
23.Rxb6 Qc7 24.Rb3 h5 25.h4 Be7 26.Rb7 Qd6 27.Nxe5 Nf4 28.Nxf7 Ne2+ 29.Kh1 Qf4
30.Ng5+ Kh8 31.Nf3 Bxh4 32.Rf7 Qg4 33.Rb1 Bg3 34.Rbb7  1-0

[Event "73rd ch-BRA"]
[Site "Guarulhos BRA"]
[Date "2006.12.01"]
[Round "9"]
[White "El Debs,F"]
[Black "Oliveira,Je"]
[Result "1/2-1/2"]
[WhiteElo "2325"]
[BlackElo "2183"]

1.d4 Nf6 2.c4 g6 3.Nc3 d5 4.cxd5 Nxd5 5.e4 Nxc3 6.bxc3 Bg7 7.Nf3 c5 8.Rb1 O-O
9.Be2 Nc6 10.d5 Bxc3+ 11.Bd2 Bxd2+ 12.Qxd2  1/2-1/2

[Event "Polyarniy Krug"]
[Site "Salekhard RUS"]
[Date "2006.12.01"]
[Round "3"]
[White "Obodchuk,A"]
[Black "Dvoirys,S"]
[Result "1/2-1/2"]
[WhiteElo "2406"]
[BlackElo "2553"]

1.d4 Nf6 2.c4 g6 3.Nc3 d5 4.cxd5 Nxd5 5.e4 Nxc3 6.bxc3 Bg7 7.Bg5 c5 8.Rc1 Qa5
9.Qd2 Qa4 10.Nf3 Nc6 11.Be2 cxd4 12.cxd4 Nxd4 13.Nxd4 Qxd4 14.Bb5+ Bd7 15.Qxd4 Bxd4
16.Bxd7+ Kxd7 17.Rd1 e5 18.Bf6 Rhe8 19.Bxe5 Rxe5 20.Rxd4+ Ke7 21.Ke2 Rd8
22.Rb4 b6 23.Rc1 f5 24.f3 fxe4 25.fxe4 Re6 26.a4 Red6 27.Rc2 Ke6 28.a5 bxa5
29.Ra4 Rd4 30.Rxa5 Rxe4+ 31.Kf3 Red4  1/2-1/2

[Event "Polyarniy Krug"]
[Site "Salekhard RUS"]
[Date "2006.12.02"]
[Round "4"]
[White "Kopylov,Al"]
[Black "Turov,M"]
[Result "0-1"]
[WhiteElo "2237"]
[BlackElo "2556"]

1.d4 Nf6 2.c4 g6 3.Nc3 d5 4.cxd5 Nxd5 5.e4 Nxc3 6.bxc3 Bg7 7.Bg5 c5 8.Rc1 O-O
9.Nf3 Bg4 10.d5 Nd7 11.Be2 Qa5 12.Qd2 e6 13.Be7 Rfe8 14.d6 Bf6 15.Bxf6 Nxf6
16.Qg5 Bxf3 17.gxf3 Kg7 18.h4 e5 19.h5 h6 20.Qe3 g5 21.Rg1 Re6 22.Bc4 Rxd6
23.f4 exf4 24.Qxf4 Qc7 25.e5 Re8 26.Be2 Rxe5 27.Qxe5 Rd1+ 28.Bxd1 Qxe5+ 29.Kf1 Ne4  0-1

[Event "XV Asiad Men's Rapid"]
[Site "Doha QAT"]
[Date "2006.12.04"]
[Round "8"]
[White "Nanjo,R"]
[Black "Tamra,A"]
[Result "1-0"]
[WhiteElo "2186"]
[BlackElo "2102"]

1.d4 Nf6 2.c4 g6 3.Nc3 d5 4.cxd5 Nxd5 5.e4 Nxc3 6.bxc3 Bg7 7.Bc4 O-O 8.Be3 c5
9.Ne2 Nc6 10.Rc1 Qa5 11.Kf1 b6 12.h4 h5 13.Nf4 Ba6 14.Qe2 b5 15.Bd5 cxd4
16.cxd4 Nxd4 17.Bxd4 Rac8 18.Be3 b4 19.Bc4 Bxc4 20.Rxc4 e6 21.g3 Bc3 22.Kg2 e5
23.Nd5 Qb5 24.Bh6 Qxc4 25.Qxc4 Rxc4 26.Nf6+ Kh8 27.Bxf8 Rd4 28.Rc1 Rd2 29.Bh6 Rxa2
30.Be3 a5 31.Nd5 Bd4 32.Rb1 Bb2 33.Nb6 Bc3 34.Bc5 Kg7 35.Nc4 f6 36.Kf3 Rc2
37.Nxa5 Be1 38.Nb7 Bc3  1-0